Online Catalogue and eLibrary

The forest monks of Sri Lanka : (Record no. 328)

MARC details
000 -LEADER
fixed length control field 00574cam a2200205 a 4500
001 - CONTROL NUMBER
control field 1893775
005 - DATE AND TIME OF LATEST TRANSACTION
control field 20240208010213.0
008 - FIXED-LENGTH DATA ELEMENTS--GENERAL INFORMATION
fixed length control field 830824s1983 ce af b 001 0 eng
020 ## - INTERNATIONAL STANDARD BOOK NUMBER
ISBN 195613899 :
040 ## - CATALOGING SOURCE (பட்டியலாக்க மூலம்)
Original cataloging agency DLC
Transcribing agency DLC
Modifying agency DLC
082 00 - DDC Classification
Class No. 306.6
DDC Edition Number 19
Item Number - Author Mark MIC.
100 1# - MAIN ENTRY--PERSONAL NAME
Personal name Carrithers, Michael.
245 14 - TITLE STATEMENT
Title The forest monks of Sri Lanka :
Remainder of title an anthropological and historical study /
Statement of responsibility, etc. Michael Carrithers.
260 ## - PUBLICATION, DISTRIBUTION, ETC.
Place of publication, distribution, etc. Delhi :
Name of publisher, distributor, etc. Oxford,
Date of publication, distribution, etc. 1983.
300 ## - PHYSICAL DESCRIPTION
Extent (e.g. Volumes, Pages etc.) xii, 306 p.,
500 ## - GENERAL NOTE
General note Includes index.
650 #0 - SUBJECT ADDED ENTRY--TOPICAL TERM
Topical term or geographic name entry element Buddhist monks
650 #0 - SUBJECT ADDED ENTRY--TOPICAL TERM
Topical term or geographic name entry element Spiritual life
942 ## - Koha item type (Biblio)
Koha item type Books in Stacks (Lending)
Holdings
Lost status Damaged status Collection code Home library Current library Date acquired Full call number Accession Number Item type
    Lending WERC Library WERC Library 02/08/2024 306.6 MIC. 603 Books in Stacks (Lending)

© WERC Library